Land markets and the modern economy [multimedia] (Record no. 102894)
[ view plain ]
| 000 -LEADER | |
|---|---|
| fixed length control field | 01412cam a2200277 4500 |
| 008 - FIXED-LENGTH DATA ELEMENTS--GENERAL INFORMATION | |
| fixed length control field | 020816n2002 000 0 eng u |
| 020 ## - INTERNATIONAL STANDARD BOOK NUMBER | |
| International Standard Book Number | J122648 |
| 035 ## - SYSTEM CONTROL NUMBER | |
| System control number | (Sirsi) u122648 |
| 050 ## - LIBRARY OF CONGRESS CALL NUMBER | |
| Classification number | 333.337 |
| -- | 18 |
| 100 ## - MAIN ENTRY--PERSONAL NAME | |
| Personal name | Mahoney, Robert |
| 245 ## - TITLE STATEMENT | |
| Title | Land markets and the modern economy [multimedia] |
| 260 ## - PUBLICATION, DISTRIBUTION, ETC. | |
| Place of publication, distribution, etc. | London |
| Name of publisher, distributor, etc. | RICS |
| Date of publication, distribution, etc. | 2002 |
| 490 ## - SERIES STATEMENT | |
| Series statement | RICS Multimedia Presentations |
| 520 ## - SUMMARY, ETC. | |
| Summary, etc. | Multimedia presentation based around the Leading Edge Series report of the same title (ISBN 1842191055) which argues that efficient land markets provide the foundations of any modern economy and that without an integrated and formalised real property system the ability to create national wealth is severely restricted. The presentation includes a video and biography of Rob Mahoney, one of the authors of the report as well as a link to the full text of the report. The report is also available for loan. |
| 650 ## - SUBJECT ADDED ENTRY--TOPICAL TERM | |
| Topical term or geographic name entry element | COLOMBIA |
| 650 ## - SUBJECT ADDED ENTRY--TOPICAL TERM | |
| Topical term or geographic name entry element | LAND MARKETS |
| 650 ## - SUBJECT ADDED ENTRY--TOPICAL TERM | |
| Topical term or geographic name entry element | LATVIA |
| 650 ## - SUBJECT ADDED ENTRY--TOPICAL TERM | |
| Topical term or geographic name entry element | THAILAND |
| 650 ## - SUBJECT ADDED ENTRY--TOPICAL TERM | |
| Topical term or geographic name entry element | UGANDA |
| 690 ## - LOCAL SUBJECT ADDED ENTRY--TOPICAL TERM (OCLC, RLIN) | |
| Topical term or geographic name as entry element | DEVELOPMENT-SUSTAINABLE |
| 710 ## - ADDED ENTRY--CORPORATE NAME | |
| Corporate name or jurisdiction name as entry element | Royal Institution of Chartered Surveyors |
| 9 (RLIN) | 4900 |
| 710 ## - ADDED ENTRY--CORPORATE NAME | |
| Corporate name or jurisdiction name as entry element | Royal Institution of Chartered Surveyors |
| Subordinate unit | Planning and Development Faculty |
| 9 (RLIN) | 4351 |
| 710 ## - ADDED ENTRY--CORPORATE NAME | |
| Corporate name or jurisdiction name as entry element | Royal Institution of Chartered Surveyors |
| Subordinate unit | Geomatics Faculty |
| 9 (RLIN) | 4352 |
| 710 ## - ADDED ENTRY--CORPORATE NAME | |
| Corporate name or jurisdiction name as entry element | Royal Institution of Chartered Surveyors |
| Subordinate unit | Residential Property Faculty |
| 9 (RLIN) | 4304 |
| 942 ## - ADDED ENTRY ELEMENTS (KOHA) | |
| Suppress in OPAC | 0 |
| Withdrawn status | Lost status | Source of classification or shelving scheme | Damaged status | Not for loan | Home library | Current library | Shelving location | Date acquired | Total Checkouts | Full call number | Barcode | Date last seen | Copy number | Price effective from | Koha item type |
|---|---|---|---|---|---|---|---|---|---|---|---|---|---|---|---|
| Dewey Decimal Classification | Virtual | Virtual | Online | 18/06/2003 | ONLINE PUBLICATION | 122648-1001 | 06/08/2019 | 1 | 06/08/2019 | Video |